01115nab a22002777a 4500999001500000003000400015005001700019008004100036040000700077100003400084245007500118260004200193300001100235500003700246505012300283505008900406650002600495650002500521650003800546650003300584650003400617650002900651650001900680773012500699942001300824 c6424d6424OSt20260202201354.0190506c xxu||||| |||| 00| 0 spa d cPJ 91439aGrisolia, Julio Armando10aLa justicia y los jueces ante la nueva realidad /cJulio A. Grisolia.  aBuenos Aires :bAbeledoPerrot,c2023. ap. 3-5 aCita: TR LALEY AR/DOC/2241/2023  aSumario: I. Una nueva realidad.— II. La justicia ante la nueva realidad.— III. Los jueces ante la nueva realidad.  t¿Te interesa el texto completo? Comunicate al correo: koha@justierradelfuego.gov.ar 091316aDERECHO LABORAL 09217aPODER JUDICIAL  09289aTECNOLOGIA DE LA INFORMACION 096081aCIENCIA Y TECNOLOGÍA 095817aINTELIGENCIA ARTIFICIAL 09273aDERECHO INFORMATICO 092062aABOGADOS0 0275193202dBuenos Aires : AbeledoPerrot, 2013-tRevista de derecho laboral y seguridad social. Nº 24 - Diciembre 2023 2udccANA